000 00327nam a2200133Ia 4500
005 20260326235450.0
008 260326s9999||||xx |||||||||||||| ||und||
100 _aNeutra, Richard
245 0 _aVida y Forma /
_cRichard Neutra
260 _bEdiciones Marymar
300 _a365 p.
650 _aARQUITECTURA-GENERAL
942 _cBK
999 _c7737
_d7737